[Event "X MIEDZYNARODOWY JUBILEUSZOWY FESTIWAL S"]
[Site "LAZY, OW "]
[Date "2014.06.29"]
[Round "1.1"]
[White "Tomczak, Jacek"]
[Black "Betkowski, Andrzej"]
[Result "1-0"]
[WhiteElo "2551"]
[BlackElo "2064"]
[PlyCount "62"]
[EventDate "2014.??.??"]

1. e4 e6 2. d4 d5 3. Nc3 Nc6 4. e5 f6 5. Bb5 Bd7 6. Nf3 Qe7 7. O-O Qf7 8. Re1
O-O-O 9. a4 Nge7 10. b4 h6 11. a5 g5 12. Bxc6 Nxc6 13. b5 Nb8 14. exf6 Bb4 15.
Re3 Qxf6 16. Qe2 c5 17. Na4 g4 18. c3 Bxa5 19. Ne5 c4 20. Nc5 Bb6 21. Nexd7
Nxd7 22. Rxe6 Qg7 23. Rxb6 Nxb6 24. Qe6+ Rd7 25. Be3 Qf7 26. Qxg4 Rg8 27. Qh3
Kd8 28. Nxd7 Nxd7 29. Qxh6 Rg6 30. Qh4+ Kc8 31. Rxa7 Rf6 1-0

[Event "X MIEDZYNARODOWY JUBILEUSZOWY FESTIWAL S"]
[Site "LAZY, OW "]
[Date "2014.06.29"]
[Round "1.2"]
[White "Lukasiewicz, Anna"]
[Black "Warakomski, Tomasz"]
[Result "1/2-1/2"]
[WhiteElo "2062"]
[BlackElo "2505"]
[PlyCount "109"]
[EventDate "2014.??.??"]

1. e4 e5 2. Nf3 Nc6 3. d4 exd4 4. Bc4 Nf6 5. e5 d5 6. Bb5 Nd7 7. O-O Be7 8. c3
d3 9. Qxd3 Nc5 10. Qc2 O-O 11. Nbd2 Bd7 12. Bxc6 bxc6 13. Nd4 Qc8 14. b4 Nb7
15. N2f3 Re8 16. Bg5 Bf8 17. Rfe1 a5 18. Bd2 c5 19. Ng5 g6 20. e6 fxe6 21. Ndf3
Re7 22. bxc5 Nxc5 23. Be3 Ba4 24. Qd2 Ne4 25. Nxe4 dxe4 26. Ng5 Bc6 27. Qc2 Bg7
28. Bd4 Bxd4 29. cxd4 Qd7 30. Nxe4 Rf8 31. Rac1 Ba8 32. Qd2 Rf5 33. f3 Kg7 34.
Qb2 Rb5 35. Qc3 Bd5 36. Qd2 Bxe4 37. Rxe4 Rd5 38. Qe3 a4 39. Re1 Rd6 40. Qc3
Rc6 41. Qb2 Rb6 42. Qc3 Qd5 43. Qa3 Re8 44. Qxa4 Ra8 45. Qc2 Rc6 46. Qb3 Rxa2
47. Qb4 Qg5 48. Rg4 Qd8 49. Qb3 Qa8 50. Qb4 Qd8 51. Qb3 Qd5 52. Qb4 Qd7 53. d5
Qxd5 54. Qe7+ Kg8 55. Qe8+ 1/2-1/2

[Event "X MIEDZYNARODOWY JUBILEUSZOWY FESTIWAL S"]
[Site "LAZY, OW "]
[Date "2014.06.29"]
[Round "1.3"]
[White "Shishkin, Vadim"]
[Black "Harazinska, Ewa"]
[Result "1/2-1/2"]
[WhiteElo "2489"]
[BlackElo "2062"]
[PlyCount "84"]
[EventDate "2014.??.??"]

1. d4 Nf6 2. c4 e6 3. Nc3 Bb4 4. Qc2 c5 5. dxc5 Bxc5 6. Nf3 Qb6 7. e3 Qc7 8. b3
a6 9. Bb2 b6 10. Bd3 Bb7 11. a3 Be7 12. Rd1 d6 13. Qe2 Nbd7 14. O-O O-O 15. e4
Rad8 16. Nd4 Rfe8 17. Rfe1 Bf8 18. h3 Qb8 19. Bc2 Qa8 20. Qe3 Rc8 21. Re2 Nc5
22. f3 Ncd7 23. Ree1 Qb8 24. Bb1 Qa8 25. g4 Nc5 26. Nce2 Red8 27. Bc2 Qb8 28.
Kg2 b5 29. cxb5 axb5 30. b4 Na4 31. Bxa4 bxa4 32. Nc3 Qa8 33. Ndb5 Qa6 34. Rd2
Nd7 35. Qa7 Ne5 36. Qxa6 Bxa6 37. Red1 Nc4 38. Re2 g6 39. Na7 Rc7 40. Nab5 Rcc8
41. Na7 Rc7 42. Nab5 Rcc8 1/2-1/2

[Event "X MIEDZYNARODOWY JUBILEUSZOWY FESTIWAL S"]
[Site "LAZY, OW "]
[Date "2014.06.29"]
[Round "1.4"]
[White "Zolobowski, Grzegorz"]
[Black "Nurkiewicz, Maciej"]
[Result "0-1"]
[WhiteElo "2046"]
[BlackElo "2392"]
[PlyCount "74"]
[EventDate "2014.??.??"]

1. d4 Nf6 2. c4 c5 3. Nf3 cxd4 4. Nxd4 e5 5. Nf3 Nc6 6. Nc3 Bb4 7. e3 O-O 8.
Be2 d5 9. O-O dxc4 10. Bxc4 e4 11. Qxd8 Rxd8 12. Nd2 Ne5 13. Be2 Bxc3 14. bxc3
Be6 15. Nb3 Rac8 16. Nd4 Bc4 17. Bxc4 Rxc4 18. Rb1 b6 19. Rb4 Rdc8 20. Rxc4
Rxc4 21. Bd2 Nd3 22. Ra1 Nd5 23. Ne2 b5 24. Rb1 a6 25. Rb3 Ra4 26. a3 Nc5 27.
Rb1 Rxa3 28. c4 Ra2 29. cxd5 Rxd2 30. Nd4 Kf8 31. f3 Ke7 32. Nc6+ Kd6 33. Nb4
a5 34. Nc6 a4 35. Nd4 b4 36. fxe4 Nxe4 37. Nf3 b3 0-1

[Event "X MIEDZYNARODOWY JUBILEUSZOWY FESTIWAL S"]
[Site "LAZY, OW "]
[Date "2014.06.29"]
[Round "1.5"]
[White "Sharapov, Evgeny"]
[Black "Mazalon, Mariusz"]
[Result "1/2-1/2"]
[WhiteElo "2377"]
[BlackElo "2043"]
[PlyCount "137"]
[EventDate "2014.??.??"]

1. e4 c5 2. Nf3 d6 3. d4 cxd4 4. Nxd4 Nf6 5. Nc3 a6 6. g3 g6 7. Bg2 Bg7 8. O-O
O-O 9. a4 Nc6 10. Nde2 Bg4 11. h3 Bxe2 12. Qxe2 Rc8 13. Be3 Na5 14. Rab1 Qc7
15. Rfd1 e6 16. Bf4 Nc4 17. Na2 Rfd8 18. b3 Ne5 19. c4 Nfd7 20. Bg5 Re8 21. Be3
f5 22. f4 Nf7 23. exf5 gxf5 24. Bf2 a5 25. Qd2 Nc5 26. Nc3 Bxc3 27. Qxc3 b6 28.
Re1 Re7 29. Re2 Rce8 30. Rbe1 Nd8 31. g4 fxg4 32. hxg4 Rg7 33. g5 Rf8 34. Be3
Nc6 35. Bc1 Ne7 36. Bh3 Ng6 37. Bxe6+ Nxe6 38. Rxe6 Rgf7 39. Bb2 Qc5+ 40. Kh1
Ne5 41. R6xe5 dxe5 42. Qxe5 Qxe5 43. Bxe5 Rd8 44. Re3 Rd2 45. Kg1 Rfd7 46. Rf3
R7d3 47. Rxd3 Rxd3 48. Kf2 Rxb3 49. Bc7 Kf7 50. f5 Rb4 51. Ke3 Rxc4 52. Bxb6
Rxa4 53. Kd3 Ra2 54. Kc3 a4 55. Bc5 Rg2 56. g6+ hxg6 57. fxg6+ Rxg6 58. Kb4 Ra6
59. Ka3 Ke6 60. Bb4 Kd5 61. Bf8 Kc4 62. Be7 Kb5 63. Bf8 Rf6 64. Be7 Rf3+ 65.
Ka2 Kc4 66. Bd6 Rf2+ 67. Ka3 Rf1 68. Be7 Rf3+ 69. Ka2 1/2-1/2

[Event "X MIEDZYNARODOWY JUBILEUSZOWY FESTIWAL S"]
[Site "LAZY, OW "]
[Date "2014.06.29"]
[Round "1.6"]
[White "Krainski, Slawomir"]
[Black "Rudolf, Michal"]
[Result "1/2-1/2"]
[WhiteElo "2039"]
[BlackElo "2363"]
[PlyCount "66"]
[EventDate "2014.??.??"]

1. d4 Nf6 2. c4 e6 3. Nc3 Bb4 4. e3 b6 5. Bd3 Bb7 6. f3 c5 7. Nge2 Nc6 8. O-O
cxd4 9. exd4 O-O 10. Be3 d5 11. cxd5 Nxd5 12. Nxd5 Qxd5 13. Be4 Qd7 14. Qa4 Bd6
15. Rac1 Rac8 16. Rfd1 Rfd8 17. d5 exd5 18. Bxd5 Qe7 19. Qe4 Qxe4 20. Bxe4 Na5
21. Bxb7 Nxb7 22. Rxc8 Rxc8 23. Nc3 Rd8 24. Kf2 Be5 25. f4 Bf6 26. Rxd8+ Nxd8
27. Bd2 Nc6 28. Ke3 Kf8 29. Ke4 Ke8 30. Nd1 g6 31. Bc3 Bd8 32. g4 Kd7 33. Ne3
Ne7 1/2-1/2

[Event "X MIEDZYNARODOWY JUBILEUSZOWY FESTIWAL S"]
[Site "LAZY, OW "]
[Date "2014.06.29"]
[Round "1.7"]
[White "Kosiorek, Marek"]
[Black "Mucha, Piotr"]
[Result "1-0"]
[WhiteElo "2361"]
[BlackElo "2026"]
[PlyCount "73"]
[EventDate "2014.??.??"]

1. c4 Nf6 2. d4 g6 3. Nc3 Bg7 4. e4 d6 5. Nge2 O-O 6. Ng3 c5 7. d5 a6 8. a4 e6
9. Bd3 exd5 10. cxd5 Ng4 11. h3 Ne5 12. Be2 Nbd7 13. Be3 Qa5 14. O-O Qb4 15. f4
Nc4 16. Bxc4 Qxc4 17. Qf3 Re8 18. e5 dxe5 19. f5 e4 20. Ngxe4 Ne5 21. Qg3 Nd7
22. fxg6 hxg6 23. Nd6 Rxe3 24. Qxe3 Qd4 25. Qxd4 Bxd4+ 26. Kh1 f5 27. a5 Nf6
28. Ra3 Bd7 29. Rb3 Bxc3 30. bxc3 Nxd5 31. c4 Nf6 32. Rxb7 Rd8 33. Rb6 Ra8 34.
Re1 Kf8 35. Nxf5 Bxf5 36. Rxf6+ Kg7 37. Rc6 1-0

[Event "X MIEDZYNARODOWY JUBILEUSZOWY FESTIWAL S"]
[Site "LAZY, OW "]
[Date "2014.06.29"]
[Round "1.8"]
[White "Zebracki, Tomasz"]
[Black "Licznerski, Lukasz"]
[Result "0-1"]
[WhiteElo "2019"]
[BlackElo "2344"]
[PlyCount "72"]
[EventDate "2014.??.??"]

1. c4 c6 2. e4 e5 3. Nf3 d6 4. d4 Bg4 5. dxe5 Bxf3 6. Qxf3 dxe5 7. Be2 Nd7 8.
O-O Ngf6 9. Rd1 Bc5 10. Nc3 O-O 11. Be3 Qe7 12. a3 Bxe3 13. fxe3 a5 14. Rab1 a4
15. Rd2 Nb6 16. Rc2 Rfd8 17. Nd1 Nfd7 18. Nf2 Nc5 19. Rf1 Nb3 20. Qh5 Rd2 21.
Rxd2 Nxd2 22. Rc1 Rd8 23. Bd3 Nb3 24. Rc3 g6 25. Qe2 h5 26. Bc2 Nc5 27. Bb1 Rd6
28. Bd3 Qd8 29. Qc2 Kg7 30. Kf1 Nbd7 31. Qe2 Qh4 32. Kg1 Nf6 33. Qf3 Ng4 34.
Nxg4 hxg4 35. Qe2 Rxd3 36. g3 Qd8 0-1

[Event "X MIEDZYNARODOWY JUBILEUSZOWY FESTIWAL S"]
[Site "LAZY, OW "]
[Date "2014.06.29"]
[Round "1.9"]
[White "Pazderski, Ziemowit"]
[Black "Poswiatowski, Michal"]
[Result "1/2-1/2"]
[WhiteElo "2262"]
[BlackElo "2013"]
[PlyCount "145"]
[EventDate "2014.??.??"]

1. c4 g6 2. e4 c5 3. Nf3 Nc6 4. d4 cxd4 5. Nxd4 Nf6 6. Nc3 Bg7 7. Be3 Ng4 8.
Qxg4 Nxd4 9. Qd1 Nc6 10. Qd2 O-O 11. Be2 d6 12. O-O Be6 13. Rac1 Qa5 14. Rfd1
Rfc8 15. b3 b6 16. h3 Nb4 17. a4 Na6 18. Qc2 Nb4 19. Qd2 Na6 20. Qc2 Nb4 21.
Qb2 Rab8 22. Bd2 Qc5 23. Qb1 Qe5 24. Be3 Rb7 25. Bf3 Rbc7 26. Nb5 Rd7 27. Nd4
h5 28. Rd2 Kh7 29. Be2 Bh6 30. Nf3 Qa5 31. Bxh6 Kxh6 32. Rcd1 Rdc7 33. Qc1 Kg7
34. Qc3+ f6 35. Nd4 Bd7 36. Qg3 Qg5 37. Qxg5 fxg5 38. e5 dxe5 39. Nf3 Bf5 40.
Nxg5 Kf6 41. Nf3 Bc2 42. Rc1 Bf5 43. Ne1 a6 44. Rcd1 a5 45. Nd3 Bxd3 46. Bxd3
Na6 47. Bc2 Nc5 48. Rd5 Rc6 49. Re1 Re6 50. Re3 Rcc6 51. Bd1 Rcd6 52. Rf3+ Kg7
53. Be2 Rxd5 54. cxd5 Rd6 55. Bc4 Nd7 56. Kf1 Nf6 57. Re3 e4 58. Ke2 Nxd5 59.
Bxd5 Rxd5 60. Rxe4 Kf6 61. Ke3 Rg5 62. g3 Rd5 63. Rc4 Rd6 64. Rc8 Ke5 65. f4+
Kd5 66. Re8 Re6+ 67. Kd3 Kc5 68. g4 hxg4 69. hxg4 Kb4 70. Kc2 Re2+ 71. Kd3 Re6
72. Kc2 Re2+ 73. Kd3 1/2-1/2

[Event "X MIEDZYNARODOWY JUBILEUSZOWY FESTIWAL S"]
[Site "LAZY, OW "]
[Date "2014.06.29"]
[Round "1.10"]
[White "Tomaszewski, Kacper"]
[Black "Nowicki, Bartosz"]
[Result "1/2-1/2"]
[WhiteElo "2012"]
[BlackElo "2256"]
[PlyCount "80"]
[EventDate "2014.??.??"]

1. d4 f5 2. g3 Nf6 3. Bg2 e6 4. c4 c6 5. Nh3 Be7 6. O-O O-O 7. Nd2 d6 8. e4 e5
9. dxe5 dxe5 10. Qe2 Bd6 11. c5 Bc7 12. Qc4+ Kh8 13. Ng5 Qe7 14. exf5 Bxf5 15.
Nde4 Nbd7 16. b4 Nd5 17. Bd2 h6 18. Nf3 b5 19. Qe2 a5 20. a3 Bg4 21. Qd3 Qf7
22. Nh4 Kg8 23. h3 Be6 24. Kh2 Ra6 25. bxa5 Bxa5 26. Rfc1 Bxd2 27. Qxd2 Rfa8
28. Nd6 Qf6 29. Nxb5 g5 30. Bxd5 Bxd5 31. Ng2 Rf8 32. Nc7 Bxg2 33. Kxg2 Ra7 34.
Qa2+ Kh8 35. Ne6 Re8 36. Nxg5 hxg5 37. Qe2 Kg7 38. Qe3 Qe7 39. Rc4 Kf7 40. Rd1
Nf8 1/2-1/2

[Event "X MIEDZYNARODOWY JUBILEUSZOWY FESTIWAL S"]
[Site "LAZY, OW "]
[Date "2014.06.29"]
[Round "1.11"]
[White "Plichta, Kamil"]
[Black "Szostko, Jakub"]
[Result "1/2-1/2"]
[WhiteElo "2247"]
[BlackElo "2002"]
[PlyCount "91"]
[EventDate "2014.??.??"]

1. d4 Nf6 2. c4 e6 3. Nc3 d5 4. Nf3 Bb4 5. cxd5 exd5 6. Qa4+ Nc6 7. Ne5 Bd7 8.
Nxc6 Bxc3+ 9. bxc3 Bxc6 10. Qa3 Qe7 11. Qxe7+ Kxe7 12. f3 Bb5 13. Rb1 Ba6 14.
Bg5 b6 15. Kf2 h6 16. Bh4 g5 17. Bg3 Nh5 18. e3 Bxf1 19. Rhxf1 Nxg3 20. hxg3 f5
21. c4 c6 22. Rbc1 Rac8 23. Ke2 Kd7 24. Kd3 Rhe8 25. Rh1 Re6 26. cxd5 cxd5 27.
Rxc8 Kxc8 28. g4 fxg4 29. fxg4 Rf6 30. a4 Kd7 31. e4 dxe4+ 32. Kxe4 Rf4+ 33.
Kd5 Rxg4 34. Rxh6 Rxg2 35. Rh7+ Ke8 36. Rxa7 g4 37. Kc6 g3 38. Rg7 Ra2 39. d5
g2 40. d6 Rc2+ 41. Kxb6 Rb2+ 42. Ka7 Ra2 43. Kb7 Rxa4 44. Kc6 Rc4+ 45. Kd5 Rc2
46. Rg8+ 1/2-1/2

[Event "X MIEDZYNARODOWY JUBILEUSZOWY FESTIWAL S"]
[Site "LAZY, OW "]
[Date "2014.06.29"]
[Round "1.12"]
[White "Kowalski, Maciej"]
[Black "Jaroch, Pawel"]
[Result "0-1"]
[WhiteElo "1984"]
[BlackElo "2228"]
[PlyCount "110"]
[EventDate "2014.??.??"]

1. f4 d5 2. Nf3 Nf6 3. g3 g6 4. Bg2 Bg7 5. O-O O-O 6. d3 c5 7. c3 Nc6 8. Qe1 d4
9. Na3 Nd5 10. Bd2 Rb8 11. c4 Ne3 12. Bxe3 dxe3 13. Qc1 Nd4 14. Re1 Bg4 15. Kh1
Nxf3 16. exf3 Bf5 17. Bf1 Bxd3 18. Rd1 e2 19. Bxe2 Bxe2 20. Rxd8 Bxf3+ 21. Kg1
Rbxd8 22. Qc2 Rd7 23. Re1 Rfd8 24. Nb1 Rd3 25. Kf1 e6 26. a3 Bd1 27. Qc1 Bb3
28. Kg2 h5 29. Kh3 b6 30. Re4 Rd1 31. Qe3 Bc2 32. Nc3 Bxc3 33. bxc3 Bxe4 34.
Qxe4 R1d2 35. Qe5 Ra2 36. Kh4 Rxh2+ 37. Kg5 Rh3 38. Qc7 Rxg3+ 39. Kh6 Rgd3 40.
Qxa7 h4 41. Qe7 h3 42. Qh4 Kf8 43. a4 R8d7 44. Kh7 Rxc3 45. Qh6+ Ke8 46. Kg8
Kd8 47. Qf8+ Kc7 48. Kg7 h2 49. Qa8 h1=Q 50. Qxh1 Rxc4 51. Qa8 Rb4 52. Qa7+ Kd6
53. Qb8+ Kd5 54. Qe5+ Kc6 55. Kf8 Rxa4 0-1

[Event "X MIEDZYNARODOWY JUBILEUSZOWY FESTIWAL S"]
[Site "LAZY, OW "]
[Date "2014.06.29"]
[Round "1.13"]
[White "Krainski, Aleksander"]
[Black "Niekras, Dawid"]
[Result "1/2-1/2"]
[WhiteElo "2212"]
[BlackElo "1981"]
[PlyCount "115"]
[EventDate "2014.??.??"]

1. d4 Nf6 2. Nf3 g6 3. Bf4 Bg7 4. e3 O-O 5. Be2 d6 6. h3 Nbd7 7. O-O c5 8. c3
b6 9. Nbd2 Bb7 10. Bh2 Qc7 11. a4 Ne4 12. Nxe4 Bxe4 13. Nd2 Bb7 14. Re1 Nf6 15.
Bf1 Ne4 16. Nc4 cxd4 17. cxd4 Rac8 18. f3 Nf6 19. e4 Qd8 20. d5 Nd7 21. Rc1 Ne5
22. Na3 Rxc1 23. Qxc1 Qc8 24. Bf4 f5 25. Bg5 fxe4 26. fxe4 Nf7 27. Bxe7 Re8 28.
Qxc8 Bxc8 29. Bh4 Bxb2 30. Nb5 Bd7 31. Nxa7 Bxa4 32. Bf2 Bc3 33. Rc1 Bd2 34.
Ra1 Bd7 35. Ra2 Bb4 36. Bxb6 Rxe4 37. Nc6 Bc3 38. Ra7 Be8 39. Rc7 Bf6 40. Bd3
Ra4 41. Rc8 Kf8 42. Bb5 Ra1+ 43. Kh2 Re1 44. Nd4 Be5+ 45. g3 Bxd4 46. Bxd4 Ng5
47. Bc3 Re4 48. Kg2 Kf7 49. Bf1 Bd7 50. Rc7 Re7 51. g4 h5 52. Bb4 Ne4 53. Bd3
Ke8 54. Rc4 Bb5 55. Rxe4 Bxd3 56. Rd4 Be4+ 57. Kg3 Kd7 58. Kf4 1/2-1/2

[Event "X MIEDZYNARODOWY JUBILEUSZOWY FESTIWAL S"]
[Site "LAZY, OW "]
[Date "2014.06.29"]
[Round "1.14"]
[White "Walter, Szymon"]
[Black "Kovalev, Egor"]
[Result "1-0"]
[WhiteElo "1977"]
[BlackElo "2187"]
[PlyCount "39"]
[EventDate "2014.??.??"]

1. e4 c5 2. Nc3 Nc6 3. f4 g6 4. Nf3 Bg7 5. Bb5 Nd4 6. O-O Nxb5 7. Nxb5 d6 8. d3
Nf6 9. Qe1 O-O 10. Qh4 Qd7 11. Nc3 Qg4 12. Qf2 Rb8 13. h3 Qd7 14. Qh4 b5 15. f5
b4 16. Ne2 gxf5 17. Bh6 fxe4 18. Ng5 exd3 19. Ng3 Bh8 20. Nf3 1-0

[Event "X MIEDZYNARODOWY JUBILEUSZOWY FESTIWAL S"]
[Site "LAZY, OW "]
[Date "2014.06.29"]
[Round "1.15"]
[White "Zielinski, Wojciech"]
[Black "Szewczak, Andrzej"]
[Result "1-0"]
[WhiteElo "2185"]
[BlackElo "1976"]
[PlyCount "61"]
[EventDate "2014.??.??"]

1. e4 e6 2. d4 d5 3. Nd2 Nf6 4. e5 Nfd7 5. f4 c5 6. c3 Nc6 7. Ndf3 f5 8. Bd3
Be7 9. Ne2 Qb6 10. O-O cxd4 11. cxd4 g5 12. fxg5 Ndxe5 13. Kh1 Nxd3 14. Qxd3
Bd7 15. Bf4 Nb4 16. Qd2 Bb5 17. Ne5 Nc6 18. Nxc6 bxc6 19. Rfe1 Kd7 20. Nc3 Rhg8
21. Qe3 Rg7 22. h4 h5 23. Rac1 Rc8 24. Rc2 c5 25. Nxd5 Qa6 26. dxc5 Bc6 27.
Nf6+ Bxf6 28. Qxe6+ Kd8 29. Rd2+ Bd4 30. Rxd4+ Bd5 31. Qe8# 1-0

[Event "X MIEDZYNARODOWY JUBILEUSZOWY FESTIWAL S"]
[Site "LAZY, OW "]
[Date "2014.06.29"]
[Round "1.16"]
[White "Pilzak, Marcin"]
[Black "Eggink, Mateusz"]
[Result "0-1"]
[WhiteElo "1968"]
[BlackElo "2164"]
[PlyCount "112"]
[EventDate "2014.??.??"]

1. e4 c5 2. Nf3 d6 3. d4 cxd4 4. Nxd4 Nf6 5. Nc3 a6 6. Be2 e6 7. O-O Be7 8. f4
Qc7 9. Bf3 O-O 10. Kh1 Nc6 11. Be3 Rb8 12. a4 Na5 13. Qe1 b6 14. Qg3 Nc4 15.
Bc1 Bb7 16. Re1 Rfd8 17. b3 Na5 18. Bb2 Rbc8 19. Rad1 Qb8 20. Qh3 Nc6 21. Nxe6
fxe6 22. Qxe6+ Kh8 23. Nd5 Re8 24. Qf5 Rf8 25. Nxb6 Rce8 26. Qg5 Rf7 27. Qg3
Bd8 28. Nc4 Bc7 29. e5 dxe5 30. fxe5 Rd7 31. Rxd7 Nxd7 32. Qg5 Qd8 33. Qh5 Na5
34. Bxb7 Nxb7 35. e6 Nf6 36. Qf3 Nc5 37. Ne5 Bxe5 38. Rxe5 Rxe6 39. Rxe6 Nxe6
40. h3 Qd5 41. Qe2 Nf4 42. Qf2 Nxh3 43. Qg3 Ng5 44. Bxf6 gxf6 45. c4 Qd1+ 46.
Kh2 Qd7 47. Qc3 Ne4 48. Qf3 Qd6+ 49. Kg1 Qd4+ 50. Kh2 a5 51. c5 Qe5+ 52. Kg1
Qxc5+ 53. Kh2 Qe5+ 54. Kg1 h5 55. Qd3 Qc5+ 56. Kh2 Qd6+ 0-1

[Event "X MIEDZYNARODOWY JUBILEUSZOWY FESTIWAL S"]
[Site "LAZY, OW "]
[Date "2014.06.29"]
[Round "1.17"]
[White "Jacek, Krystian"]
[Black "Sawicki, Mikolaj"]
[Result "1-0"]
[WhiteElo "2148"]
[BlackElo "1965"]
[PlyCount "99"]
[EventDate "2014.??.??"]

1. e4 b6 2. d4 Bb7 3. Nc3 e6 4. Bd3 c5 5. Nf3 cxd4 6. Nxd4 Bb4 7. O-O Nc6 8.
Be3 Nge7 9. Qg4 Ng6 10. Nxc6 Bxc6 11. f4 Qh4 12. Qe2 O-O 13. Nb5 d5 14. Nd4
dxe4 15. Nxc6 exd3 16. Qxd3 Bc5 17. Bxc5 bxc5 18. Qd6 Qf6 19. c3 Qf5 20. Rad1
h6 21. Rd2 Rfc8 22. Ne5 Nxe5 23. fxe5 Qe4 24. Rdf2 Qg6 25. Rxf7 Qxf7 26. Rxf7
Kxf7 27. Qd7+ Kf8 28. Qxe6 c4 29. Kf2 Rab8 30. Ke3 Re8 31. Qd6+ Kg8 32. Qd5+
Kh8 33. Ke4 Rxb2 34. Qxc4 Rxg2 35. h3 Rg5 36. e6 Rh5 37. Qc6 Rh4+ 38. Ke5 Re7
39. Qd6 Rh5+ 40. Ke4 Rh4+ 41. Kf3 Re8 42. Qd7 Rf8+ 43. Qf7 Rxh3+ 44. Kg4 Rxf7
45. exf7 Rh4+ 46. Kg3 Rf4 47. Kxf4 g5+ 48. Kf5 Kg7 49. Ke6 Kf8 50. c4 1-0

[Event "X MIEDZYNARODOWY JUBILEUSZOWY FESTIWAL S"]
[Site "LAZY, OW "]
[Date "2014.06.29"]
[Round "1.18"]
[White "Karpus, Michal"]
[Black "Snihur, Piotr"]
[Result "1/2-1/2"]
[WhiteElo "1943"]
[BlackElo "2147"]
[PlyCount "112"]
[EventDate "2014.??.??"]

1. e4 c5 2. Nf3 d6 3. d4 cxd4 4. Nxd4 Nf6 5. Nc3 a6 6. Be2 e6 7. O-O Qc7 8. Be3
b5 9. a4 b4 10. Na2 Nxe4 11. Nxb4 d5 12. Na2 Bd6 13. g3 Nd7 14. c4 Bb7 15. Rc1
Qb8 16. b4 dxc4 17. Bxc4 Ne5 18. Bb3 O-O 19. f4 Ng6 20. Nc6 Qe8 21. Qc2 Nf6 22.
Rfd1 Nd5 23. Bf2 Rc8 24. Bxd5 exd5 25. b5 axb5 26. axb5 Ne7 27. Nxe7+ Qxe7 28.
Qd3 d4 29. Qxd4 Ba3 30. Rxc8 Rxc8 31. Qe3 Qf8 32. Nc3 Bc5 33. Qe5 Bxf2+ 34.
Kxf2 h6 35. Rd7 Ba8 36. Qe7 Qxe7 37. Rxe7 Kf8 38. Re3 Rc4 39. Ke2 Rb4 40. Kd3
Bg2 41. Re5 f6 42. Rc5 g5 43. fxg5 hxg5 44. Nd5 Bf1+ 45. Kc3 Rxb5 46. Rxb5 Bxb5
47. Nxf6 Kf7 48. Ne4 Kg6 49. Kd4 Bd7 50. Ke5 Bc8 51. Nc5 Bh3 52. Ne6 Bg4 53.
Nc7 Bh3 54. Nd5 Bg4 55. Ne3 Bd7 56. Nd5 Bg4 1/2-1/2

[Event "X MIEDZYNARODOWY JUBILEUSZOWY FESTIWAL S"]
[Site "LAZY, OW "]
[Date "2014.06.29"]
[Round "1.19"]
[White "Hilarecki, Grzegorz"]
[Black "Zylka, Stanislaw"]
[Result "1-0"]
[WhiteElo "2144"]
[BlackElo "1939"]
[PlyCount "45"]
[EventDate "2014.??.??"]

1. d4 d5 2. Nf3 Nf6 3. Bg5 Nbd7 4. e3 e6 5. Bd3 Bd6 6. Nbd2 h6 7. Bf4 Bxf4 8.
exf4 c5 9. c3 O-O 10. O-O Re8 11. Qe2 Qc7 12. Ne5 b6 13. Rad1 Bb7 14. Rfe1 Rac8
15. Ndf3 Nf8 16. Nh4 Qe7 17. g3 cxd4 18. cxd4 Ne4 19. f3 Nd6 20. f5 Qf6 21.
fxe6 Nxe6 22. Bb1 Kf8 23. Nd7+ 1-0

[Event "X MIEDZYNARODOWY JUBILEUSZOWY FESTIWAL S"]
[Site "LAZY, OW "]
[Date "2014.06.29"]
[Round "1.20"]
[White "Spicak, Krzysztof"]
[Black "Jarmula, Pawel"]
[Result "0-1"]
[WhiteElo "1933"]
[BlackElo "2140"]
[PlyCount "82"]
[EventDate "2014.??.??"]

1. d4 Nf6 2. Nf3 e6 3. g3 b6 4. Bg2 Bb7 5. O-O c5 6. c4 Be7 7. Nc3 O-O 8. d5
exd5 9. cxd5 d6 10. e4 Re8 11. Nd2 Bf8 12. h3 Nbd7 13. a4 a6 14. Qc2 Qc7 15.
Nc4 Rab8 16. f4 Ba8 17. Qd3 Qb7 18. Bf3 b5 19. axb5 axb5 20. Na5 c4 21. Qd4 Qc7
22. Be3 Nc5 23. e5 dxe5 24. fxe5 Rxe5 25. Bf4 Nd3 26. Nc6 Bxc6 27. Bxe5 Nxe5
28. dxc6 Nxf3+ 29. Rxf3 Qxc6 30. Qf4 Re8 31. Raf1 Bc5+ 32. Kg2 b4 33. Nd1 Re2+
34. Kh1 Bd6 35. Qh4 h6 36. Kg1 Bc5+ 37. Kh1 Ne4 38. Qf4 Ng5 39. Qxc4 Rd2 40.
Qb3 Nxf3 41. Rxf3 Qd7 0-1

[Event "X MIEDZYNARODOWY JUBILEUSZOWY FESTIWAL S"]
[Site "LAZY, OW "]
[Date "2014.06.29"]
[Round "1.21"]
[White "Mitura, Vaclav"]
[Black "Woloch, Oskar"]
[Result "1-0"]
[WhiteElo "2098"]
[BlackElo "1929"]
[PlyCount "61"]
[EventDate "2014.??.??"]

1. Nf3 c5 2. c4 Nc6 3. Nc3 e5 4. g3 g6 5. Bg2 Bg7 6. O-O Nge7 7. d3 d6 8. Ne1
O-O 9. Nc2 Be6 10. Ne3 Qd7 11. a3 Bh3 12. Ned5 Bxg2 13. Kxg2 Nxd5 14. Nxd5 Ne7
15. Nxe7+ Qxe7 16. Rb1 b6 17. b4 f5 18. Bd2 Qb7+ 19. f3 f4 20. a4 h5 21. a5 Qc6
22. bxc5 bxc5 23. Rb5 g5 24. Qb3 g4 25. Rb7 fxg3 26. hxg3 Rf7 27. Rxf7 Kxf7 28.
Rb1 Rc8 29. Qb7+ Qc7 30. Qd5+ Ke8 31. Rb7 1-0

[Event "X MIEDZYNARODOWY JUBILEUSZOWY FESTIWAL S"]
[Site "LAZY, OW "]
[Date "2014.06.29"]
[Round "1.22"]
[White "Filewicz, Przemyslaw"]
[Black "Smolka, Marcin"]
[Result "1/2-1/2"]
[WhiteElo "1924"]
[BlackElo "2089"]
[PlyCount "44"]
[EventDate "2014.??.??"]

1. d4 d5 2. c4 e6 3. Nc3 c6 4. cxd5 exd5 5. Nf3 Bd6 6. a3 Nf6 7. Bg5 Bf5 8. e3
Nbd7 9. Bd3 Bg6 10. O-O O-O 11. b4 b5 12. Bxg6 hxg6 13. Qc2 Nb6 14. e4 dxe4 15.
Nxe4 Nc4 16. Ned2 Nxd2 17. Qxd2 a5 18. Qc3 Qb6 19. Bxf6 gxf6 20. Rfc1 axb4 21.
axb4 Ra4 22. Rab1 Kg7 1/2-1/2

[Event "X MIEDZYNARODOWY JUBILEUSZOWY FESTIWAL S"]
[Site "LAZY, OW "]
[Date "2014.06.29"]
[Round "1.23"]
[White "Adamowicz, Maciej"]
[Black "Chylewski, Patryk"]
[Result "1/2-1/2"]
[WhiteElo "2089"]
[BlackElo "1909"]
[PlyCount "93"]
[EventDate "2014.??.??"]

1. c4 e5 2. g3 Nf6 3. Bg2 d5 4. cxd5 Nxd5 5. Nc3 Nb6 6. Nf3 Nc6 7. O-O Be7 8.
a3 g5 9. d3 g4 10. Ne1 h5 11. b4 h4 12. e3 Be6 13. Bb2 f5 14. Rc1 hxg3 15. fxg3
Bg5 16. Qe2 Qd7 17. Nb5 Bf6 18. d4 e4 19. Bxe4 fxe4 20. Rxf6 Nd5 21. Rf2 a6 22.
Nc3 Nxc3 23. Bxc3 Bd5 24. Ng2 O-O-O 25. b5 axb5 26. Qxb5 Ne7 27. Qxd7+ Rxd7 28.
Bb4 Ng6 29. Nf4 Nxf4 30. Rxf4 Rg8 31. Rf5 c6 32. Ba5 Rd6 33. Bb6 Kd7 34. a4 Re6
35. a5 Re7 36. Rcf1 Be6 37. Rf6 Bd5 38. Bc5 Reg7 39. R6f5 Rg5 40. Kg2 Rxf5 41.
Rxf5 Rg7 42. Rf4 Be6 43. Rf8 Rg8 44. Rxg8 Bxg8 45. h3 Be6 46. h4 Bf7 47. Kf2
1/2-1/2

[Event "X MIEDZYNARODOWY JUBILEUSZOWY FESTIWAL S"]
[Site "LAZY, OW "]
[Date "2014.06.29"]
[Round "1.24"]
[White "Antolak, Julia"]
[Black "Madynski, Pawel"]
[Result "1/2-1/2"]
[WhiteElo "1869"]
[BlackElo "2086"]
[PlyCount "47"]
[EventDate "2014.??.??"]

1. e4 c6 2. d4 Na6 3. Bxa6 Qa5+ 4. Nc3 Qxa6 5. Qe2 b6 6. Nf3 Qxe2+ 7. Nxe2 Ba6
8. Be3 Nf6 9. Ng3 h5 10. h4 Ng4 11. O-O-O g6 12. Rhe1 d5 13. Ne5 Nxe5 14. dxe5
e6 15. f4 O-O-O 16. f5 gxf5 17. exf5 Bh6 18. fxe6 fxe6 19. Bxh6 Rxh6 20. Ne2
Rg8 21. g3 Bxe2 22. Rxe2 Kd7 23. Rf1 Rh7 24. Rf3 1/2-1/2

[Event "X MIEDZYNARODOWY JUBILEUSZOWY FESTIWAL S"]
[Site "LAZY, OW "]
[Date "2014.06.29"]
[Round "1.25"]
[White "Nowak, Lukasz"]
[Black "Zaleski, Lukasz"]
[Result "1-0"]
[WhiteElo "2081"]
[BlackElo "1867"]
[PlyCount "67"]
[EventDate "2014.??.??"]

1. e4 e6 2. d4 d5 3. Nc3 dxe4 4. Nxe4 Nd7 5. Bd3 Ngf6 6. Qe2 Be7 7. Nf3 O-O 8.
O-O c5 9. Rd1 Qc7 10. Bg5 Re8 11. dxc5 Nxc5 12. Nxf6+ Bxf6 13. Bxf6 gxf6 14.
Qe3 e5 15. Nh4 Nxd3 16. Rxd3 e4 17. Rad1 Bg4 18. Rc3 Rad8 19. Re1 Qd7 20. h3
Bh5 21. Qf4 Qe6 22. Rce3 Rd1 23. Rxd1 Bxd1 24. Nf5 Bh5 25. Nd6 Bg6 26. Nxe8
Qxe8 27. Qxf6 Qd7 28. Rc3 h5 29. Rc4 Kh7 30. Rd4 Qf5 31. Qxf5 Bxf5 32. Rc4 Kg6
33. Rc7 b6 34. Rxa7 1-0